ATLAS khuẩn lam - nấm - thực vật Dùng cho khoa Sinh - KTNN các trường Cao đẵng và Đại học Sư Phạm

Spremljeno u:
Bibliografski detalji
Glavni autor: Hoàng Thị Bé
Format: Knjiga
Jezik:Vietnamese
Izdano: H. Đại học Sư Phạm 2004
Oznake: Dodaj oznaku
Bez oznaka, Budi prvi tko označuje ovaj zapis!
Thư viện lưu trữ: Mạng thư viện Đại học Đà Nẵng
LEADER 00986nam a2200277 4500
001 000016419
003 12821
005 20121101091132.0
008 121101s2004 viesd
020 |c 120000 
041 0 |a vie 
082 |a 580.3  |b HO-B 
100 0 |a Hoàng Thị Bé 
245 0 |a ATLAS khuẩn lam - nấm - thực vật  |b Dùng cho khoa Sinh - KTNN các trường Cao đẵng và Đại học Sư Phạm  |c Hoàng Thị Bé 
260 |a H.  |b Đại học Sư Phạm  |c 2004 
300 |a 171 tr.  |b hình ảnh  |c 29 cm 
OWN |a LSP 
AVA |a UDN50  |b LSP  |d 580.3 HO-B  |e available  |t Error 5001 Not defined in file expand_doc_bib_avail.  |f 10  |g 0  |h N  |i 19  |k 1 
999 |a From the UDN01 
AVA |a UDN50  |b LSP  |d 580.3 HO-B  |e available  |t Error 5001 Not defined in file expand_doc_bib_avail.  |f 10  |g 0  |h N  |i 19  |k 1 
TYP |a Monograph 
TYP |a Printed language 
980 |a Mạng thư viện Đại học Đà Nẵng